[Event "Deutsche Ländermeisterschaft 2013"]
[Site "Hannover GER"]
[Date "2013.10.02"]
[Round "1"]
[White "Koop, Thorben"]
[Black "Günnigmann, Manuel"]
[Result "1/2-1/2"]
[Termination "normal"]
[Board "4.1"]
[WhiteTitle "16"]
[BlackTitle "20"]
[WhiteElo "2223"]
[BlackElo "2140"]
[WhiteTeam "Niedersachsen 1"]
[BlackTeam "Niedersachsen 2"]
[WhiteFideId "24661619"]
[BlackFideId "24640360"]
[EventCountry "GER"]
[EventRounds "7"]
[EventType "team-swiss"]
[EventDate "2013.10.02"]

1. Nf3 Nf6 2. g3 d6 3. d4 Nbd7 4. Nbd2 c5 5. c3 g6 6. Bg2 Bg7 7. O-O O-O 8. a4
Qc7 9. Re1 e5 10. dxe5 Nxe5 11. Nxe5 dxe5 12. a5 Rb8 13. Qa4 Bd7 14. Qa3 Rfe8
15. Nf1 Be6 16. Be3 Bf8 17. c4 Ng4 18. h3 Nxe3 19. Nxe3 Rbd8 20. Qb3 Rd7 21.
Red1 Rxd1+ 22. Rxd1 b6 23. axb6 axb6 24. Qb5 Rd8 25. Rxd8 Qxd8 26. Nd5 Bxd5 27.
Bxd5 Bd6 28. Qc6 Kg7 29. Kg2 Qc7 30. Qe8 Qe7 31. Qa8 1/2-1/2

[Event "Deutsche Ländermeisterschaft 2013"]
[Site "Hannover GER"]
[Date "2013.10.02"]
[Round "1"]
[White "Kyas, Philipp"]
[Black "Tennert, Simon"]
[Result "1/2-1/2"]
[Termination "normal"]
[Board "4.2"]
[WhiteTitle "18"]
[BlackTitle "16"]
[WhiteElo "2060"]
[BlackElo "2163"]
[WhiteTeam "Niedersachsen 2"]
[BlackTeam "Niedersachsen 1"]
[WhiteFideId "24670936"]
[BlackFideId "1270445"]
[EventCountry "GER"]
[EventRounds "7"]
[EventType "team-swiss"]
[EventDate "2013.10.02"]

1. d4 Nf6 2. c4 c5 3. d5 e6 4. Nc3 exd5 5. cxd5 d6 6. Nf3 g6 7. Bf4 a6 8. a4
Bg7 9. e3 O-O 10. Be2 Qe7 11. Nd2 Nbd7 12. O-O Rb8 13. Nc4 Ne8 14. Qc2 f5 15.
Rae1 Ne5 16. Bxe5 Bxe5 17. f4 Bg7 18. Bf3 Qd8 19. a5 Nf6 20. Qb3 Re8 21. Qb6
Qxb6 22. axb6 Bf8 23. e4 fxe4 24. Nxe4 Nxe4 25. Bxe4 Bd7 26. b3 Bb5 27. f5 Bxc4
28. bxc4 gxf5 29. Bxf5 Rxe1 30. Rxe1 a5 31. Bd7 Bg7 32. Re8+ Rxe8 33. Bxe8 Bf6
34. Bc6 Bd8 35. Bb5 Bxb6 36. Kf2 Kf7 37. Kf3 Kg6 38. g4 Bd8 39. Kg3 h6 40. Ba4
Bg5 41. h4 Bd2 42. Kf3 Kf6 43. Ke4 Be1 44. h5 Kg5 45. Kf3 Bd2 46. Bb5 Kh4 47.
Bd7 b6 48. Ke4 Kg3 49. Kd3 Bg5 50. Kc2 Kf3 51. Kb3 Ke4 52. Be8 Kf4 53. Bd7 Ke4
1/2-1/2

[Event "Deutsche Ländermeisterschaft 2013"]
[Site "Hannover GER"]
[Date "2013.10.02"]
[Round "1"]
[White "Raum, Sebastian"]
[Black "Vöge, Tobias"]
[Result "1-0"]
[Termination "normal"]
[Board "4.3"]
[WhiteTitle "20"]
[BlackTitle "16"]
[WhiteElo "2147"]
[BlackElo "1937"]
[WhiteTeam "Niedersachsen 1"]
[BlackTeam "Niedersachsen 2"]
[WhiteFideId "24673935"]
[BlackFideId "1270513"]
[EventCountry "GER"]
[EventRounds "7"]
[EventType "team-swiss"]
[EventDate "2013.10.02"]

1. e4 c5 2. Nf3 Nc6 3. d4 cxd4 4. Nxd4 g6 5. Nc3 Bg7 6. Be3 Nf6 7. Bc4 d6 8. f3
Bd7 9. Qd2 Rc8 10. Bb3 Ne5 11. O-O-O Nc4 12. Bxc4 Rxc4 13. Kb1 O-O 14. g4 b5
15. b3 Rc8 16. Ndxb5 Qa5 17. a4 a6 18. Nd5 Qxd2 19. Nxe7+ Kh8 20. Rxd2 Rce8 21.
Nxd6 Rxe7 22. Bc5 Re5 23. Ba3 Be6 24. Re1 Rb8 25. f4 Ra5 26. f5 Nxg4 27. fxe6
fxe6 28. Bb2 Bxb2 29. Kxb2 Ne5 30. Rf2 Kg7 31. Kc3 Rc5+ 32. Kd4 Rxc2 33. Rxc2
Nf3+ 34. Kc5 Nxe1 35. Rc3 Ng2 36. b4 Nf4 37. b5 axb5 38. axb5 e5 39. b6 Ne2 40.
Ra3 Kf6 41. b7 Nd4 42. Ra8 Ne6+ 43. Kc4 1-0

[Event "Deutsche Ländermeisterschaft 2013"]
[Site "Hannover GER"]
[Date "2013.10.02"]
[Round "1"]
[White "Rinck, Michael"]
[Black "Düssler, Stefanie"]
[Result "1-0"]
[Termination "normal"]
[Board "4.4"]
[WhiteTitle "14"]
[BlackTitle "18w"]
[WhiteElo "1830"]
[BlackElo "2036"]
[WhiteTeam "Niedersachsen 2"]
[BlackTeam "Niedersachsen 1"]
[WhiteFideId "24690104"]
[BlackFideId "4634780"]
[EventCountry "GER"]
[EventRounds "7"]
[EventType "team-swiss"]
[EventDate "2013.10.02"]

1. e4 c5 2. d4 cxd4 3. c3 d3 4. Bxd3 Nc6 5. Nf3 g6 6. O-O Bg7 7. Bf4 d6 8. Qe2
Nf6 9. Rd1 O-O 10. Bc4 Nh5 11. Bg5 Qc7 12. Na3 a6 13. Nc2 h6 14. Bc1 Bg4 15.
Ncd4 Ne5 16. Bb3 Nf6 17. h3 Nxf3+ 18. Nxf3 Bd7 19. e5 dxe5 20. Nxe5 Bb5 21. c4
Be8 22. Bf4 Qc8 23. Rac1 Qf5 24. Bh2 g5 25. Bc2 Qe6 26. Qd3 Bc6 27. Ng4 Rfd8
28. Nxf6+ Qxf6 29. Qxd8+ Rxd8 30. Rxd8+ Bf8 31. Re1 e5 32. Rb8 e4 33. Bxe4 Bxe4
34. Rxe4 Qf5 35. Re1 Kg7 36. Be5+ f6 37. Rxb7+ Kg6 38. Rb6 Be7 39. Bxf6 Bxf6
40. Ree6 Qc2 41. Rxf6+ Kg7 42. c5 a5 43. Rg6+ Kf7 44. Rbf6+ Ke7 45. c6 Qxb2 46.
c7 Qc1+ 47. Kh2 Qxc7+ 48. g3 Qc2 49. a3 h5 50. Re6+ Kf7 51. Rgf6+ Kg7 52. Rc6
Qb2 53. Rf5 Qxa3 54. Rxg5+ Kf7 55. Rcc5 a4 56. Rxh5 Qd3 57. Ra5 a3 58. h4 Qe2
59. Rhf5+ Ke6 60. Rf8 Qb2 61. h5 a2 62. h6 Ke7 63. h7 Kxf8 64. Rxa2 Qxa2 65.
h8=Q+ Kf7 66. Qh7+ Kf8 67. Qh6+ Kg8 68. Qf4 Qc2 69. g4 Qc3 70. g5 Qh8+ 71. Kg2
Qc3 72. Qf6 Qc4 73. g6 Qg4+ 74. Kh2 Qh5+ 75. Kg3 Qd5 76. Qf7+ Qxf7 77. gxf7+
Kxf7 78. Kf4 Kf6 79. f3 Kg7 80. Kg5 Kf7 81. Kf5 Kf8 82. Kf6 Kg8 83. f4 Kf8 84.
f5 Kg8 85. Ke7 1-0

[Event "Deutsche Ländermeisterschaft 2013"]
[Site "Hannover GER"]
[Date "2013.10.02"]
[Round "1"]
[White "Bruns, Kai-Christian"]
[Black "Evers, Annika"]
[Result "1-0"]
[Termination "normal"]
[Board "4.5"]
[WhiteTitle "14"]
[BlackTitle "20w"]
[WhiteElo "1806"]
[BlackElo "1810"]
[WhiteTeam "Niedersachsen 1"]
[BlackTeam "Niedersachsen 2"]
[WhiteFideId "12938025"]
[BlackFideId "24691933"]
[EventCountry "GER"]
[EventRounds "7"]
[EventType "team-swiss"]
[EventDate "2013.10.02"]

1. Nf3 d5 2. g3 Nf6 3. Bg2 e6 4. O-O Bd6 5. c4 O-O 6. d3 Nbd7 7. Nbd2 c6 8. b3
Re8 9. Bb2 e5 10. cxd5 cxd5 11. Nh4 Nb6 12. e4 Bg4 13. Qe1 Rc8 14. f3 Be6 15.
f4 Bc5+ 16. Kh1 exf4 17. gxf4 Bb4 18. Rc1 dxe4 19. Bxf6 Qxf6 20. Nxe4 Qe7 21.
Qg3 f5 22. Ng5 Nd5 23. Nxf5 Qd7 24. Rxc8 1-0

[Event "Deutsche Ländermeisterschaft 2013"]
[Site "Hannover GER"]
[Date "2013.10.02"]
[Round "1"]
[White "Phunhon Lopez, Daniel A."]
[Black "Diederichs, Luise"]
[Result "0-1"]
[Termination "normal"]
[Board "4.6"]
[WhiteTitle "12"]
[BlackTitle "16w"]
[WhiteElo "1764"]
[BlackElo "1932"]
[WhiteTeam "Niedersachsen 2"]
[BlackTeam "Niedersachsen 1"]
[WhiteFideId "12952567"]
[BlackFideId "24661597"]
[EventCountry "GER"]
[EventRounds "7"]
[EventType "team-swiss"]
[EventDate "2013.10.02"]

1. e4 g6 2. d4 d6 3. Nc3 Bg7 4. Nf3 a6 5. a4 Nd7 6. Bc4 e6 7. Bg5 Ne7 8. d5 Nb6
9. Bb3 h6 10. Be3 e5 11. Nd2 Nd7 12. Ne2 f5 13. f3 Nf6 14. c4 c5 15. dxc6 bxc6
16. c5 d5 17. Qc2 fxe4 18. fxe4 Ng4 19. Bg1 O-O 20. Nf3 Kh7 21. Ng3 dxe4 22.
Qxe4 Qa5+ 23. Nd2 Rb8 24. O-O-O Rf4 25. Qd3 Nf2 26. Bxf2 Rxf2 27. Qd6 Rb7 28.
Nge4 Rxg2 29. Nf6+ Bxf6 30. Qxf6 Qxc5+ 31. Bc2 Nf5 32. Nb3 Qxc2# 0-1

[Event "Deutsche Ländermeisterschaft 2013"]
[Site "Hannover GER"]
[Date "2013.10.02"]
[Round "1"]
[White "Laubrock, Paul"]
[Black "Schlichter, Lisa"]
[Result "1-0"]
[Termination "normal"]
[Board "4.7"]
[WhiteTitle "12"]
[BlackTitle "16w"]
[WhiteElo "1752"]
[BlackElo "1664"]
[WhiteTeam "Niedersachsen 1"]
[BlackTeam "Niedersachsen 2"]
[WhiteFideId "1270509"]
[BlackFideId "12926396"]
[EventCountry "GER"]
[EventRounds "7"]
[EventType "team-swiss"]
[EventDate "2013.10.02"]

1. e4 c5 2. Nf3 Nc6 3. d4 cxd4 4. Nxd4 g6 5. Nc3 Bg7 6. Be3 Nf6 7. Bc4 Qa5 8.
Nxc6 bxc6 9. Bd3 d5 10. O-O O-O 11. exd5 cxd5 12. Bd4 Bb7 13. Re1 Rfe8 14. Bb5
Red8 15. Rxe7 Ba6 16. Bxa6 Qxa6 17. Qf3 Qd6 18. Rae1 a6 19. R1e5 Rf8 20. Re1
Rad8 21. R7e2 Rd7 22. Rd1 Nh5 23. Bxg7 Kxg7 24. Qxd5 Qxd5 25. Rxd5 Rb7 26. g3
Rxb2 27. Ra5 Rc8 28. Ne4 Rbxc2 29. Rxc2 Rxc2 30. Rxa6 Rc1+ 31. Kg2 Ra1 32. a4
Kf8 33. Ra7 Kg8 34. a5 Ra3 35. a6 Kg7 36. Nd6 Kf8 37. Rxf7+ Kg8 38. a7 Ng7 39.
Rb7 Ne6 40. Rb8+ 1-0

[Event "Deutsche Ländermeisterschaft 2013"]
[Site "Hannover GER"]
[Date "2013.10.02"]
[Round "1"]
[White "Mönster, Madita"]
[Black "Schulze, Lara"]
[Result "1-0"]
[Termination "normal"]
[Board "4.8"]
[WhiteTitle "12w"]
[BlackTitle "12w"]
[WhiteElo "1545"]
[BlackElo "1785"]
[WhiteTeam "Niedersachsen 2"]
[BlackTeam "Niedersachsen 1"]
[WhiteFideId "12947156"]
[BlackFideId "12956830"]
[EventCountry "GER"]
[EventRounds "7"]
[EventType "team-swiss"]
[EventDate "2013.10.02"]

1. e4 c5 2. Nf3 Nc6 3. d4 cxd4 4. Nxd4 g6 5. Nc3 Bg7 6. Be3 Nf6 7. Bc4 O-O 8.
f3 Qb6 9. Qd3 Nxe4 10. Nb3 Ne5 11. Qxe4 Qc7 12. Be2 d6 13. Nd4 e6 14. Ndb5 Qd8
15. Bxa7 d5 16. Qe3 Nc6 17. Bb6 Qd7 18. Nc7 Rb8 19. Qd2 Be5 20. N7b5 Qe7 21.
Bf2 Qb4 22. Bg3 Qxb2 23. Rb1 Bxc3 24. Nxc3 Qa3 25. Bxb8 Nxb8 26. Qd4 Nc6 27.
Qd2 d4 28. Ne4 f5 29. Nf2 Qxa2 30. Qc1 1-0

[Event "Deutsche Ländermeisterschaft 2013"]
[Site "Hannover GER"]
[Date "2013.10.02"]
[Round "1"]
[White "Kitze, Alexander"]
[Black "Kuckling, Hannah"]
[Result "1-0"]
[Termination "normal"]
[Board "5.1"]
[WhiteTitle "14"]
[BlackTitle "18w"]
[WhiteElo "1951"]
[BlackElo "1953"]
[WhiteTeam "Sachsen-Anhalt"]
[BlackTeam "Nordrhein-Westfalen"]
[WhiteFideId "12914827"]
[BlackFideId "24603660"]
[EventCountry "GER"]
[EventRounds "7"]
[EventType "team-swiss"]
[EventDate "2013.10.02"]

1. e4 c5 2. Nf3 e6 3. d4 cxd4 4. Nxd4 Nc6 5. Nc3 Qc7 6. Be3 a6 7. Bd3 b5 8.
Nxc6 Qxc6 9. O-O Bb7 10. Kh1 Nf6 11. f3 Bc5 12. Qe1 d6 13. a4 bxa4 14. Rxa4 Nd7
15. Rc4 Nb6 16. Rxc5 dxc5 17. Qg3 O-O-O 18. Qxg7 Rdf8 19. Qe5 Nd7 20. Qh5 c4
21. Be2 f5 22. Bh6 Re8 23. Bg7 Rhg8 24. Qxh7 Qc7 25. Bd4 e5 26. Bg1 f4 27. Qf7
Rh8 28. Qxc4 Rh6 29. Qxc7+ Kxc7 30. Nd5+ Bxd5 31. exd5 Nf6 32. Rd1 Rd8 33. d6+
Rxd6 34. Rxd6 Kxd6 35. Bxa6 e4 36. fxe4 Nxe4 37. h3 Ke5 38. Bd3 Ng5 39. b4 f3
40. Be3 1-0

[Event "Deutsche Ländermeisterschaft 2013"]
[Site "Hannover GER"]
[Date "2013.10.02"]
[Round "1"]
[White "Schröder, Kevin"]
[Black "Heinemann, Josefine"]
[Result "1-0"]
[Termination "normal"]
[Board "5.2"]
[WhiteTitle "14"]
[BlackTitle "16w"]
[WhiteElo "2063"]
[BlackElo "2003"]
[WhiteTeam "Nordrhein-Westfalen"]
[BlackTeam "Sachsen-Anhalt"]
[WhiteFideId "12929840"]
[BlackFideId "12900460"]
[EventCountry "GER"]
[EventRounds "7"]
[EventType "team-swiss"]
[EventDate "2013.10.02"]

1. Nf3 Nf6 2. g3 g6 3. Bg2 Bg7 4. O-O O-O 5. d3 d6 6. e4 c5 7. c3 Nc6 8. Re1 e5
9. Nbd2 Re8 10. Qe2 Rb8 11. a4 a6 12. Nf1 Na5 13. Be3 Ng4 14. Bg5 f6 15. Be3
Nxe3 16. Nxe3 Be6 17. d4 cxd4 18. cxd4 Qb6 19. d5 Bd7 20. Ra3 Rec8 21. Rb1 Qb4
22. Qd2 Qxd2 23. Nxd2 Bh6 24. Bf1 Bxe3 25. Rxe3 Rc2 26. b4 Rxd2 27. bxa5 Bxa4
28. Bxa6 Rd1+ 29. Rxd1 Bxd1 30. Bb5 Rc8 31. a6 bxa6 32. Bxa6 Rc1 33. Re1 f5 34.
Be2 Bxe2 35. Rxc1 Bf3 36. exf5 gxf5 37. Rc6 Bxd5 38. Rxd6 Bf7 39. Rf6 Bg6 40.
Re6 e4 41. Re7 Bf7 42. Kf1 Kg7 43. Ke2 Kf6 44. Rc7 Bg6 45. Ke3 Kg5 46. h3 Kf6
47. Kf4 Ke6 48. Rc5 Kf6 49. h4 Ke6 50. Ra5 h6 51. Ra6+ Kf7 52. Ke5 Kg7 53. Ra7+
Kf8 1-0

[Event "Deutsche Ländermeisterschaft 2013"]
[Site "Hannover GER"]
[Date "2013.10.02"]
[Round "1"]
[White "Pallas, Sebastian"]
[Black "Meyers, Mark"]
[Result "0-1"]
[Termination "normal"]
[Board "5.3"]
[WhiteTitle "14"]
[BlackTitle "16"]
[WhiteElo "1903"]
[BlackElo "1916"]
[WhiteTeam "Sachsen-Anhalt"]
[BlackTeam "Nordrhein-Westfalen"]
[WhiteFideId "12905453"]
[BlackFideId "12927716"]
[EventCountry "GER"]
[EventRounds "7"]
[EventType "team-swiss"]
[EventDate "2013.10.02"]

1. e4 c5 2. Nf3 e6 3. d4 cxd4 4. Nxd4 a6 5. Bd3 Nf6 6. O-O Qc7 7. Qe2 d6 8. c4
b6 9. Nc3 Be7 10. f4 Nbd7 11. Kh1 Bb7 12. Bd2 O-O 13. Rae1 Nc5 14. Bc2 Rfd8 15.
Nf3 Rac8 16. e5 Ne8 17. b3 Nd7 18. Qf2 b5 19. cxb5 axb5 20. Bd3 dxe5 21. fxe5
Bc5 22. Bxh7+ Kf8 23. Nd4 Ndf6 24. Ncxb5 Bxd4 25. Nxc7 Bxf2 26. Bb4+ Nd6 27.
exd6 Bxe1 28. Rxe1 Nxh7 29. d7+ Kg8 30. dxc8=Q Rxc8 31. Bd6 Nf6 32. h4 Ne4 33.
Bh2 Rd8 34. Bf4 Nc3 35. a4 Rd4 0-1

[Event "Deutsche Ländermeisterschaft 2013"]
[Site "Hannover GER"]
[Date "2013.10.02"]
[Round "1"]
[White "Sabirov, Ramil"]
[Black "Niegsch, Nicolas"]
[Result "1/2-1/2"]
[Termination "normal"]
[Board "5.4"]
[WhiteTitle "16"]
[BlackTitle "16"]
[WhiteElo "1887"]
[BlackElo "2004"]
[WhiteTeam "Nordrhein-Westfalen"]
[BlackTeam "Sachsen-Anhalt"]
[WhiteFideId "12900303"]
[BlackFideId "12932140"]
[EventCountry "GER"]
[EventRounds "7"]
[EventType "team-swiss"]
[EventDate "2013.10.02"]

1. Nf3 Nf6 2. c4 g6 3. g3 Bg7 4. Bg2 O-O 5. Nc3 d5 6. cxd5 Nxd5 7. O-O Nb6 8.
d3 Nc6 9. Be3 h6 10. Nd2 Nd4 11. f4 Nf5 12. Bf2 Bd4 13. Nb3 Be3 14. Be4 Bxf2+
15. Rxf2 a5 16. a4 Ne3 17. Qd2 Ng4 18. Rff1 Be6 19. h3 Nf6 20. Ra3 Nxe4 21.
Nxe4 Bxh3 22. Rf2 h5 23. f5 Kg7 24. Qc3+ Kh6 25. Qd2+ Kg7 1/2-1/2

[Event "Deutsche Ländermeisterschaft 2013"]
[Site "Hannover GER"]
[Date "2013.10.02"]
[Round "1"]
[White "Stein, Robert"]
[Black "Flüchter, Gregor"]
[Result "0-1"]
[Termination "normal"]
[Board "5.5"]
[WhiteTitle "12"]
[BlackTitle "14"]
[WhiteElo "1761"]
[BlackElo "2021"]
[WhiteTeam "Sachsen-Anhalt"]
[BlackTeam "Nordrhein-Westfalen"]
[WhiteFideId "12921084"]
[BlackFideId "12903396"]
[EventCountry "GER"]
[EventRounds "7"]
[EventType "team-swiss"]
[EventDate "2013.10.02"]

1. e4 c5 2. Nf3 d6 3. d4 cxd4 4. Nxd4 Nf6 5. Nc3 a6 6. Be3 e5 7. Nf3 Be7 8. a4
Ng4 9. Nd5 Nxe3 10. fxe3 Be6 11. Bc4 Nd7 12. Nxe7 Qxe7 13. Bd5 Nf6 14. O-O O-O
15. c4 Qc7 16. Ng5 Bxd5 17. Rxf6 Qe7 18. Rf3 Bxc4 19. Rg3 h6 20. Nh3 f5 21. Qh5
f4 22. Rf3 Be2 0-1

[Event "Deutsche Ländermeisterschaft 2013"]
[Site "Hannover GER"]
[Date "2013.10.02"]
[Round "1"]
[White "Savchenko, Daniel"]
[Black "Roseneck, Jonas"]
[Result "1-0"]
[Termination "normal"]
[Board "5.6"]
[WhiteTitle "12"]
[BlackTitle "12"]
[WhiteElo "1751"]
[BlackElo "1740"]
[WhiteTeam "Nordrhein-Westfalen"]
[BlackTeam "Sachsen-Anhalt"]
[WhiteFideId "12919195"]
[BlackFideId "12939870"]
[EventCountry "GER"]
[EventRounds "7"]
[EventType "team-swiss"]
[EventDate "2013.10.02"]

1. e4 c5 2. Nf3 d6 3. d4 cxd4 4. Nxd4 Nf6 5. Nc3 a6 6. f4 e6 7. Qf3 Qc7 8. Be3
b5 9. a3 Bb7 10. g4 Be7 11. g5 Nfd7 12. O-O-O Nb6 13. Rg1 N8d7 14. h4 Nc4 15.
Bxc4 Qxc4 16. h5 g6 17. Nb3 Qc7 18. Qh3 O-O-O 19. f5 exf5 20. exf5 Kb8 21. f6
Bf8 22. hxg6 fxg6 23. Nd4 Re8 24. Ne6 Qc6 25. Nxf8 Rhxf8 26. Bf4 Ne5 27. Bxe5
Rxe5 28. Qxh7 Rc5 29. Qe7 Rc8 30. Qxd6+ Qxd6 31. Rxd6 Kc7 32. Re6 Rd8 33. Rf1
Rf8 34. f7 Bc6 35. Rxg6 1-0

[Event "Deutsche Ländermeisterschaft 2013"]
[Site "Hannover GER"]
[Date "2013.10.02"]
[Round "1"]
[White "Cejda, Cecilia"]
[Black "Bork, Sophie"]
[Result "1/2-1/2"]
[Termination "normal"]
[Board "5.7"]
[WhiteTitle "12w"]
[BlackTitle "16w"]
[WhiteElo "1400"]
[BlackElo "1536"]
[WhiteTeam "Sachsen-Anhalt"]
[BlackTeam "Nordrhein-Westfalen"]
[WhiteFideId "12921122"]
[BlackFideId "12905429"]
[EventCountry "GER"]
[EventRounds "7"]
[EventType "team-swiss"]
[EventDate "2013.10.02"]

1. e4 e5 2. Nf3 Nc6 3. d4 exd4 4. Nxd4 Nf6 5. Nc3 Bb4 6. Nxc6 bxc6 7. Bd3 O-O
8. O-O d6 9. Bg5 h6 10. Bh4 Bb7 11. e5 dxe5 12. Ne4 Be7 13. Re1 Nxe4 14. Bxe7
Qxe7 15. Bxe4 Rad8 16. Qf3 Rd6 17. Bd3 Re8 18. Qe4 g6 19. f4 Rd4 20. Qxe5 Qxe5
21. Rxe5 Rxe5 22. fxe5 c5 23. Kf2 c4 24. Ke3 Rd5 25. Bxc4 Rxe5+ 26. Kf2 Rf5+
27. Kg1 Rg5 28. g3 Rc5 29. Bb3 Be4 30. Rf1 Bd5 31. Bxd5 Rxd5 32. Rf2 Kf8 33.
Kg2 Rb5 34. b3 Ra5 35. a4 c5 36. Rf4 Ke7 37. Kf3 f5 38. g4 fxg4+ 39. Rxg4 g5
40. h4 gxh4 41. Rxh4 Ra6 42. Ke3 Kd7 43. Kd3 Rc6 44. Kc4 Kc7 45. a5 Kb7 46. Kb5
a6+ 47. Kc4 Kc7 48. Rh5 Kd7 49. Rxc5 h5 50. Rxc6 Kxc6 51. Kd4 h4 52. Ke3 h3 53.
Kf3 Kb5 54. Kg3 Kxa5 55. c4 Kb4 56. Kxh3 a5 57. Kg3 a4 58. bxa4 Kxc4 1/2-1/2

[Event "Deutsche Ländermeisterschaft 2013"]
[Site "Hannover GER"]
[Date "2013.10.02"]
[Round "1"]
[White "Möller, Lisa-Marie"]
[Black "Bierfreund, Trine Maja"]
[Result "1-0"]
[Termination "normal"]
[Board "5.8"]
[WhiteTitle "12w"]
[BlackTitle "12w"]
[WhiteElo "1488"]
[BlackElo "1253"]
[WhiteTeam "Nordrhein-Westfalen"]
[BlackTeam "Sachsen-Anhalt"]
[WhiteFideId "12959367"]
[BlackFideId "12957372"]
[EventCountry "GER"]
[EventRounds "7"]
[EventType "team-swiss"]
[EventDate "2013.10.02"]

1. e4 e5 2. Bc4 Nf6 3. d4 exd4 4. Nf3 Bc5 5. Bg5 d6 6. Nxd4 Qe7 $146 7. O-O O-O
8. Nc3 Qe5 9. Nf3 Qe7 10. Re1 Nc6 11. Nd5 Qd8 12. Nxf6+ gxf6 13. Bh6 Re8 14.
Qd5 Be6 15. Qd3 Bxc4 16. Qxc4 Ne5 17. Nxe5 fxe5 18. Qb3 Qh4 19. Be3 Bxe3 20.
Rxe3 Rf8 21. Rae1 Rae8 22. Rh3 Qf4 23. Ree3 Re6 24. Rhf3 Qh6 25. Qxb7 Qh5 26.
Qd5 Rb8 27. b3 Rh6 28. Rh3 c6 29. Rxh5 cxd5 30. Rxh6 dxe4 31. Rxe4 Rd8 32. Kf1
Kg7 33. Reh4 Rc8 34. Rxh7+ Kf6 35. Rc4 Re8 36. Rc7 Rf8 37. Rxa7 Kg6 38. Rh3 f5
39. Rd3 Rd8 40. Ra6 Kf7 41. Raxd6 Re8 42. Rd8 Re6 43. R3d6 Re7 44. R6d7 Rxd7
45. Rxd7+ Ke6 46. Rd1 Ke7 47. c4 Ke6 48. c5 Ke7 49. c6 Kf6 50. c7 Kg6 51. c8=Q
Kg5 52. Qg8+ Kf4 53. Qg3+ Ke4 54. Qe3# 0-1

[Event "Deutsche Ländermeisterschaft 2013"]
[Site "Hannover GER"]
[Date "2013.10.02"]
[Round "1"]
[White "Becker, Matthias"]
[Black "Pixa, Richard"]
[Result "0-1"]
[Termination "normal"]
[Board "6.1"]
[WhiteTitle "18"]
[BlackTitle "16"]
[WhiteElo "2152"]
[BlackElo "1929"]
[WhiteTeam "Baden"]
[BlackTeam "Berlin"]
[WhiteFideId "12915564"]
[BlackFideId "4626095"]
[EventCountry "GER"]
[EventRounds "7"]
[EventType "team-swiss"]
[EventDate "2013.10.02"]

1. e4 e6 2. d4 d5 3. Nc3 Nf6 4. Bg5 Be7 5. e5 Nfd7 6. h4 O-O 7. Qg4 c5 8. Bh6
g6 9. Bxf8 Bxf8 10. Nf3 cxd4 11. Qxd4 Nc6 12. Qf4 Bg7 13. h5 Ndxe5 14. hxg6
Nxf3+ 15. Qxf3 hxg6 16. Bd3 Qb6 17. Ne2 Qxb2 18. O-O Nd4 19. Nxd4 Qxd4 20. Rab1
b6 21. Rfd1 Qa4 22. Bb5 Qxa2 23. Be8 Qxc2 24. Bxf7+ Kh7 25. g4 Qc3 26. Qh1+ Bh6
27. g5 Kg7 28. Rbc1 Qe5 29. Qxh6+ Kxf7 30. Qh7+ Kf8 31. Qh6+ Ke7 32. Qxg6 Bd7
33. Re1 Qf4 34. Qg7+ Kd6 35. Rc3 Rf8 36. Rf1 Rf5 37. Rg3 Bb5 38. Qxa7 Bxf1 39.
Qxb6+ Kd7 40. Kxf1 Qxg3 41. Qb5+ Kd8 42. Qb6+ Qc7 43. Qxe6 Qc4+ 0-1

[Event "Deutsche Ländermeisterschaft 2013"]
[Site "Hannover GER"]
[Date "2013.10.02"]
[Round "1"]
[White "Greßmann, Moritz"]
[Black "Ruff, Maximilian"]
[Result "1-0"]
[Termination "normal"]
[Board "6.2"]
[WhiteTitle "14"]
[BlackTitle "16"]
[WhiteElo "1889"]
[BlackElo "2094"]
[WhiteTeam "Berlin"]
[BlackTeam "Baden"]
[WhiteFideId "24695084"]
[BlackFideId "1271670"]
[EventCountry "GER"]
[EventRounds "7"]
[EventType "team-swiss"]
[EventDate "2013.10.02"]

1. e4 c5 2. Nf3 a6 3. a4 Nc6 4. Bc4 e6 5. Nc3 Nf6 6. O-O d5 7. exd5 exd5 8. Ba2
Be7 9. d4 c4 10. h3 O-O 11. Bb1 Bf5 12. Ne2 Ne4 13. Bf4 Qb6 14. Qc1 Bf6 15. c3
Bg6 16. Ne5 Bxe5 17. dxe5 Nc5 18. Qe3 Qa7 19. Bh2 Bxb1 20. Rfxb1 Nd3 21. Qxa7
Rxa7 22. f4 f6 23. Rd1 b6 24. Nc1 Nxc1 25. Raxc1 Ne7 26. Bg3 b5 27. Bf2 Rd7 28.
axb5 axb5 29. Bc5 Kf7 30. Ra1 fxe5 31. fxe5 Rc8 32. Rf1+ Ke6 33. Bxe7 Rxe7 34.
Ra6+ Kd7 35. Rd6+ Kc7 36. Rxd5 Kc6 37. Rfd1 Rce8 38. Rd6+ Kc7 39. e6 Rxe6 40.
Rd7+ Kc6 41. Rxg7 Re2 42. Rxh7 Rxb2 43. Rf1 Re3 44. Rf6+ Kd5 45. Rh5+ Ke4 46.
Re6+ Kd3 47. Rd5+ Ke2 48. Rxe3+ Kxe3 49. h4 b4 50. cxb4 c3 51. Rc5 c2 52. Kh2
Rxb4 53. Rxc2 Rxh4+ 54. Kg3 Rh8 55. Rc4 Rf8 56. Rg4 Rc8 57. Rg7 Ke4 58. Kg4 Ke5
59. Kg5 Ke6 60. g4 Rc2 61. Kg6 Ke5 62. g5 Rg2 63. Rf7 Ke6 64. Rf1 Rh2 65. Re1+
Kd6 66. Kf6 Rf2+ 67. Kg7 Ra2 68. g6 Rh2 69. Kf7 Rf2+ 70. Kg8 Rg2 71. g7 Kd7 72.
Re4 1-0

[Event "Deutsche Ländermeisterschaft 2013"]
[Site "Hannover GER"]
[Date "2013.10.02"]
[Round "1"]
[White "Riehle, Marco"]
[Black "Donath, Johann"]
[Result "1-0"]
[Termination "normal"]
[Board "6.3"]
[WhiteTitle "14"]
[BlackTitle "16"]
[WhiteElo "1847"]
[BlackElo "1967"]
[WhiteTeam "Baden"]
[BlackTeam "Berlin"]
[WhiteFideId "12904392"]
[BlackFideId "24685160"]
[EventCountry "GER"]
[EventRounds "7"]
[EventType "team-swiss"]
[EventDate "2013.10.02"]

1. e4 e5 2. Nf3 Nc6 3. Bc4 Bc5 4. O-O Nf6 5. d4 exd4 6. e5 d5 7. exf6 dxc4 8.
fxg7 Rg8 9. Bg5 f6 10. Re1+ Kf7 11. Bh4 Be6 12. Ne5+ Nxe5 13. Rxe5 Bd6 14. Qh5+
Ke7 15. Re1 Kd7 16. Nd2 Be7 17. Qb5+ c6 18. Qxb7+ Kd6 19. Ne4+ Kd5 20. Nc3+
dxc3 21. Rad1+ Kc5 22. Rxd8 1-0

[Event "Deutsche Ländermeisterschaft 2013"]
[Site "Hannover GER"]
[Date "2013.10.02"]
[Round "1"]
[White "Leyrer, Thomas"]
[Black "Steimbach, Isabel"]
[Result "1/2-1/2"]
[Termination "normal"]
[Board "6.4"]
[WhiteTitle "16"]
[BlackTitle "18w"]
[WhiteElo "1769"]
[BlackElo "1778"]
[WhiteTeam "Berlin"]
[BlackTeam "Baden"]
[WhiteFideId "12908274"]
[BlackFideId "24692174"]
[EventCountry "GER"]
[EventRounds "7"]
[EventType "team-swiss"]
[EventDate "2013.10.02"]

1. d4 d5 2. c4 e6 3. Nc3 Be7 4. Nf3 Nf6 5. cxd5 exd5 6. Bg5 O-O 7. e3 b6 8. Bd3
Bb7 9. O-O Na6 10. Rc1 c5 11. a3 Nc7 12. Qc2 h6 13. Bf4 Ne6 14. Bg3 Bd6 15.
Bxd6 Qxd6 16. Rfd1 Qe7 17. Bf5 Rac8 18. Qb1 Rfd8 19. Rc2 g6 20. Bxe6 Qxe6 21.
Rcd2 Ne4 22. Rc2 Kg7 23. Nd2 Ba6 24. Ndxe4 dxe4 25. d5 Qe5 26. Rcd2 Bd3 27.
Rxd3 exd3 28. Qxd3 Rd7 29. f4 Qf6 30. Qd2 g5 31. e4 gxf4 32. Qe2 Qg5 33. d6
Rcd8 34. Rd5 Qg6 35. e5 Re8 36. Qe4 Qxe4 37. Nxe4 Re6 38. g4 fxg3 39. hxg3 Kg6
40. g4 f6 41. Nxf6 Rxe5 42. Rxe5 Kxf6 43. Rd5 Ke6 44. Rh5 Rxd6 45. Rxh6+ Ke5
46. Rxd6 Kxd6 47. Kf2 b5 48. Ke3 a5 49. Ke4 a4 50. g5 b4 51. g6 bxa3 52. bxa3
Ke6 53. Kd3 Kf6 54. Kc4 Kxg6 55. Kxc5 Kf7 56. Kb4 Ke7 57. Kxa4 Kd7 58. Kb5 Kc7
59. Ka6 Kb8 1/2-1/2